000 01597nam a2200361 i 4500
001 186680
003 SpMaBN
005 20260223131558.0
008 170131s1994 sp abe c |||| | spa d
020 _a84-88699-10-7
080 _a016:912(460)
080 _a017.1(460.27 M.)
110 2 _aBiblioteca Nacional (España)
_eisb
_92188
245 1 0 _aCartografía de España en la Biblioteca Nacional (siglos XVI al XIX) /
_cCarmen Líter Mayayo, Francisca Sanchis Ballester, Ana Herrero Vigil.
260 _a[Madrid] :
_bBiblioteca Nacional,
_c[1994]
300 _a2 volúmenes (370 ; 452 páginas) :
_bmapas, planos ;
_c30 cm
500 _aÍndices
504 _aBibliografía: páginas 451-452
530 _aDisponible en formato digital.
650 7 _aMapas-
_zBiblioteca Nacional de España-
_vCatálogos
_9161622
651 7 _aEspaña-
_vMapas-
_vBibliografías
_9161623
655 7 _aBibliografías
_2tgfbne
_9226825
700 1 _aLíter Mayayo, Carmen
_eaut
_972569
700 1 _aSanchis Ballester, Francisca,
_d1945-
_eaut
_9103009
700 1 _aHerrero Vigil, Ana
_eaut
_963347
852 _aES-MaACL
_bR.151037
_cDEPO1
_dOlim: N-6980
_hDonación: Biblioteca Nacional de España
_jA-13980
_pv. 1
_9193737
852 _aES-MaACL
_bR.151037
_cDEPO1
_hDonación: Biblioteca Nacional de España
_jA-13981
_pv. 2
_9200906
856 4 _uhttps://bdh-rd.bne.es/viewer.vm?id=0000133716&page=1
_yBiblioteca Digital Hispánica
914 _aBiblioteca Nacional de España
_ednr
_9234950
942 _2udc
_cMONOGRAFIA
_n0
999 _c186680
_d186680